लोड हो रहा है...
Jeevitham avasanikkunnatheppol/
| मुख्य लेखक: | |
|---|---|
| स्वरूप: | Printed Book |
| प्रकाशित: |
Kottayam:
Chandraj,
2003.
|
| विषय: |
| LEADER | 00555nam a22001691a 4500 | ||
|---|---|---|---|
| 999 | |c 21693 |d 21693 | ||
| 020 | |a 9788124012245 | ||
| 082 | |a M301 |b CHA/J | ||
| 100 | |a Chandraj M K | ||
| 245 | |a Jeevitham avasanikkunnatheppol/ |c by Chandraj M K. | ||
| 260 | |a Kottayam: |b Chandraj, |c 2003. | ||
| 300 | |a 122p. | ||
| 650 | |a Stories Malayalam | ||
| 650 | |a Literature Malayalam | ||
| 650 | |a Literature | ||
| 942 | |c BK | ||
| 952 | |0 0 |1 0 |4 0 |6 M_301_000000000000000_CHA_J |7 0 |9 30464 |a SSUS |b SSUS |d 2015-01-08 |g 60.00 |l 1 |o M301 CHA/J |p 045322 |r 2016-12-22 |s 2016-12-16 |v 0.00 |w 2015-01-08 |y BK | ||